<?xml version="1.0" encoding="UTF-8"?><?xml-stylesheet type="text/xsl" href="static/style.xsl"?><OAI-PMH xmlns="http://www.openarchives.org/OAI/2.0/" xmlns:xsi="http://www.w3.org/2001/XMLSchema-instance" xsi:schemaLocation="http://www.openarchives.org/OAI/2.0/ http://www.openarchives.org/OAI/2.0/OAI-PMH.xsd"><responseDate>2026-06-01T01:22:08Z</responseDate><request verb="GetRecord" identifier="oai:riuma.uma.es:10630/39358" metadataPrefix="marc">https://riuma.uma.es/rest/oai/request</request><GetRecord><record><header><identifier>oai:riuma.uma.es:10630/39358</identifier><datestamp>2026-02-03T11:03:07Z</datestamp><setSpec>com_10630_2254</setSpec><setSpec>col_10630_37953</setSpec></header><metadata><record xmlns="http://www.loc.gov/MARC21/slim" xmlns:dcterms="http://purl.org/dc/terms/" xmlns:doc="http://www.lyncode.com/xoai" xmlns:xsi="http://www.w3.org/2001/XMLSchema-instance" xsi:schemaLocation="http://www.loc.gov/MARC21/slim http://www.loc.gov/standards/marcxml/schema/MARC21slim.xsd">
   <leader>00925njm 22002777a 4500</leader>
   <datafield ind2=" " ind1=" " tag="042">
      <subfield code="a">dc</subfield>
   </datafield>
   <datafield ind2=" " ind1=" " tag="720">
      <subfield code="a">Hevilla, Francisco</subfield>
      <subfield code="e">author</subfield>
   </datafield>
   <datafield ind2=" " ind1=" " tag="720">
      <subfield code="a">Padial, Marina</subfield>
      <subfield code="e">author</subfield>
   </datafield>
   <datafield ind2=" " ind1=" " tag="720">
      <subfield code="a">Blanca, María</subfield>
      <subfield code="e">author</subfield>
   </datafield>
   <datafield ind2=" " ind1=" " tag="720">
      <subfield code="a">Barril, Guillermina</subfield>
      <subfield code="e">author</subfield>
   </datafield>
   <datafield ind2=" " ind1=" " tag="720">
      <subfield code="a">Jiménez-Salcedo, Tamara</subfield>
      <subfield code="e">author</subfield>
   </datafield>
   <datafield ind2=" " ind1=" " tag="720">
      <subfield code="a">Ramírez-Ortiz, Mercedes</subfield>
      <subfield code="e">author</subfield>
   </datafield>
   <datafield ind2=" " ind1=" " tag="720">
      <subfield code="a">Nogueira, Ángel</subfield>
      <subfield code="e">author</subfield>
   </datafield>
   <datafield ind2=" " ind1=" " tag="720">
      <subfield code="a">Gentile, Adriana Mariel</subfield>
      <subfield code="e">author</subfield>
   </datafield>
   <datafield ind2=" " ind1=" " tag="720">
      <subfield code="a">García-Escobar, Eva</subfield>
      <subfield code="e">author</subfield>
   </datafield>
   <datafield ind2=" " ind1=" " tag="720">
      <subfield code="a">Romero-Zerbo, Silvana Yanina</subfield>
      <subfield code="e">author</subfield>
   </datafield>
   <datafield ind2=" " ind1=" " tag="720">
      <subfield code="a">Olveira-Fuster, Gabriel María</subfield>
      <subfield code="e">author</subfield>
   </datafield>
   <datafield ind2=" " ind1=" " tag="260">
      <subfield code="c">2023</subfield>
   </datafield>
   <datafield ind2=" " ind1=" " tag="520">
      <subfield code="a">Background: Malnutrition in patients undergoing hemodialysis is frequent and associated with a reduction in muscular mass and strength, with an increment in biomarkers of inflammation and oxidation. Materials and methods: Randomized, multicenter, parallel-group trial in malnourished hemodialysis patients with three groups [(1) control (C) individualized diet, (2) oral nutritional supplement-ONS- + placebo-SU- PL-, and (3) ONS + probiotics-SU-PR]; the trial was open regarding the intake of ONS or individualized diet recommendations, but double-blind for the intake of probiotics. We obtained, at baseline and after 3 and 6 months, anthropometric measurements, handgrip strength, bioelectrical impedance analysis (BIA), dietary records, and routine biochemical parameters. Inflammation and oxidation were determined using ELISA techniques (Versamax and ProcartaPlex multiplex Immunoassay). Results were analyzed by intention to treat. Results: A total of 31 patients (11 corresponding to group C, 10 to SU-PL, and 10 to SU-PR) completed the 6-months trial. The two groups that took supplements significantly increased their protein calorie, fat (total and n-3), and fiber intake. Weight and fat-free mass (FFM) also increased significantly in the groups on supplements, both at 3 and 6 months, and dynamometry did so in the SU-PL group. At month 3, prealbumin and vitamin D were significantly increased in the SU-TOT (SU-PL + SU-PR) group. No changes were observed regarding levels of phosphorus and potassium in any of the groups. Urea increased significantly at 6 months in the SU-PL group. There were significant changes in some inflammation biomarkers in the groups on supplements during the intervention (brain-derived neurotrophic factor, bone morphogenetic protein-2, MCP-1, IL-1-beta, IL-10, IL-4, and IL-8). The total antioxidant capacity (TAC) increased significantly in the supplemented patients, with no significant changes observed in isoprostanes.</subfield>
   </datafield>
   <datafield ind1="8" ind2=" " tag="024">
      <subfield code="a">Front Nutr. 2023 Feb 3;10:1107869</subfield>
   </datafield>
   <datafield ind1="8" ind2=" " tag="024">
      <subfield code="a">https://hdl.handle.net/10630/39358</subfield>
   </datafield>
   <datafield ind1="8" ind2=" " tag="024">
      <subfield code="a">10.3389/fnut.2023.1107869</subfield>
   </datafield>
   <datafield tag="653" ind2=" " ind1=" ">
      <subfield code="a">Hemodializados - Nutrición</subfield>
   </datafield>
   <datafield tag="653" ind2=" " ind1=" ">
      <subfield code="a">Marcadores bioquímicos</subfield>
   </datafield>
   <datafield ind2="0" ind1="0" tag="245">
      <subfield code="a">Effect on nutritional status and biomarkers of inflammation and oxidation of an oral nutritional supplement (with or without probiotics) in malnourished hemodialysis patients. A multicenter randomized clinical trial "Renacare Trial"</subfield>
   </datafield>
</record>
</metadata></record></GetRecord></OAI-PMH>